000 002920000a22000970004500
100 1 _aBradford, R.W.
245 1 0 _aToday's war on property : The war on drugs is destroying traditional freedoms
300 _aVol. 47, Num. 2 (Febrero, 1997), Páginas 93-95
773 0 _tThe Freeman
942 _cANA
999 _c56648
_d56648